000 00628nam a2200217Ia 4500
003 GCL
008 140319s9999 xx 000 0 ara d
040 _aGCL /
_cGCL
082 0 4 _a341.44
_bم ق
100 1 _aمصطفى كمال طه
245 1 0 _aالقانون البحرى /
_cمصطفى كمال طه
260 _a[S.N] :
_bدار الجامعة الجديدة للنشر ،
_c1990
300 _a557 ص
490 _a
650 0 4 _aالقانون
650 0 4 _aالقانون البحرى
650 0 4 _aالقانون التجارى
650 0 4 _aالشحن
650 0 4 _aالتعويضات
942 _2ddc
_cBK
999 _c56172
_d56172